Introduction to Algorithms 4/e
Gardado en:
| Autor Principal: | |
|---|---|
| Formato: | Libro |
| Publicado: |
MIT Press
|
| Tags: |
Sen Etiquetas, Sexa o primeiro en etiquetar este rexistro!
|
MARC
| LEADER | 00000nam a2200000Ia 4500 | ||
|---|---|---|---|
| 005 | 20260513122053.0 | ||
| 020 | |a 9780262046305 | ||
| 100 | |a Cormen | ||
| 365 | |||
| 365 | |b 25.00 | ||
| 942 | |c BK | ||
| 245 | |a Introduction to Algorithms 4/e | ||
| 260 | |b MIT Press | ||
| 999 | |c 95 |d 95 | ||
| 952 | |0 0 |1 0 |4 0 |7 0 |a UNSW |b UNSW |d 2026-04-29 |g 150.00 |i 16670 |l 0 |p 000026 |r 2026-05-13 12:20:53 |v 150.00 |w 2026-05-13 |y BK | ||
| 952 | |0 0 |1 0 |4 0 |7 0 |a UNSW |b UNSW |d 2026-05-06 |g 150.00 |i 16685 |l 0 |p 000071 |r 2026-05-13 12:20:53 |v 150.00 |w 2026-05-13 |y BK | ||